000 00608nam a2200217Ia 4500
005 20241129110140.0
008 241129s9999||||xx |||||||||||||| ||und||
020 _a977-09-1278-6
037 _aTB
040 _aARTS
_beng
_cARTS
041 _aeng
_2ara
084 _aO28,3N34,AI P9
_qARTS
100 _aQasim Abdul Hakeem Au.
_9727401
245 0 _aAayam al-insan al-sabaa
_cQasim Abdul Hakeem Au.
260 _aCairo, Egypt
_bDarul shoro
_c2014
300 _a257p.
365 _aINR
_b310
650 _aArabic Fiction
_964594
942 _cTB
_hO28,3N34,AI P9
999 _c1227487
_d1227487